Science Quiz

Random Science or Elements Quiz

The Elements Song Quiz Stats

 Plays Quiz not verified by Sporcle

Also try: -10 Math Problems
Challenge
Share
Tweet
Embed
Score 0/102 Timer 12:00
0 Plays Today
Elements % Correct
antimony
97.3%
arsenic
95.9%
selenium
93.2%
aluminum
91.9%
hydrogen
89.2%
oxygen
89.2%
nitrogen
87.8%
rhenium
87.8%
nickel
87.8%
neptunium
87.8%
iron
86.5%
neodymium
85.1%
germanium
85.1%
americium
83.8%
ruthenium
81.1%
uranium
81.1%
europium
79.7%
zirconium
78.4%
vanadium
78.4%
radium
78.4%
gold
78.4%
gallium
78.4%
thorium
78.4%
thallium
78.4%
osmium
77%
astatine
77%
indium
77%
iodine
77%
thulium
75.7%
lutetium
74.3%
lanthanum
74.3%
yttrium
74.3%
ytterbium
74.3%
protactinium
73%
Elements % Correct
boron
71.6%
gadolinium
71.6%
niobium
71.6%
iridium
71.6%
beryllium
71.6%
barium
71.6%
rubidium
70.3%
erbium
70.3%
cobalt
70.3%
copper
70.3%
tungsten
70.3%
tin
70.3%
sodium
70.3%
actinium
68.9%
silver
68.9%
samarium
68.9%
holmium
68.9%
helium
68.9%
hafnium
68.9%
terbium
68.9%
sulfur
68.9%
californium
68.9%
carbon
68.9%
silicon
67.6%
bismuth
67.6%
bromine
67.6%
lithium
67.6%
francium
67.6%
argon
67.6%
strontium
66.2%
phosphorus
66.2%
fluorine
66.2%
plutonium
66.2%
promethium
66.2%
Elements % Correct
berkelium
66.2%
mendelevium
66.2%
einsteinium
66.2%
nobelium
66.2%
krypton
66.2%
neon
66.2%
radon
66.2%
zinc
66.2%
rhodium
66.2%
chlorine
66.2%
manganese
64.9%
mercury
64.9%
magnesium
64.9%
scandium
64.9%
palladium
64.9%
polonium
64.9%
xenon
64.9%
molybdenum
63.5%
calcium
63.5%
curium
63.5%
fermium
63.5%
cerium
62.2%
cesium
62.2%
lead
62.2%
platinum
62.2%
potassium
62.2%
praseodymium
60.8%
tellurium
60.8%
dysprosium
59.5%
technetium
59.5%
chromium
59.5%
titanium
56.8%
cadmium
56.8%
tantalum
55.4%

You're not logged in!

Compare scores with friends on all Sporcle quizzes.
Join for Free
OR
Log In

You Might Also Like...

Show Comments

Extras

Top Quizzes Today


Score Distribution

Your Account Isn't Verified!

In order to create a playlist on Sporcle, you need to verify the email address you used during registration. Go to your Sporcle Settings to finish the process.

Report this User

Report this user for behavior that violates our Community Guidelines.

Details: